Pattern-making for engineers; (Record no. 548623)

000 -LEADER
fixed length control field 00511cam a22001571 4500
082 ## - DEWEY DECIMAL CLASSIFICATION NUMBER
Classification number 671.23
Author Mark HOR
-- L-13, P-50
100 1# - MAIN ENTRY--PERSONAL NAME
Personal name Horner, Joseph Gregory,
9 (RLIN) 45008
245 00 - TITLE STATEMENT
Title Pattern-making for engineers;
Remainder of title a practical treatise with an appendix of tables for reference.
250 ## - EDITION STATEMENT
Edition statement 8th ed. enl.
260 ## - PUBLICATION, DISTRIBUTION, ETC.
Place of publication, distribution, etc. London,
Name of publisher, distributor, etc. Technical Press,
Date of publication, distribution, etc. 1950.
300 ## - PHYSICAL DESCRIPTION
Extent xv, 390 p.
Other physical details illus.
Dimensions 22 cm.
526 ## - STUDY PROGRAM INFORMATION NOTE
Program name 0
Interest level 0
Reading level 0
Title point value 671_230000000000000_HOR
650 #0 - SUBJECT ADDED ENTRY--TOPICAL TERM
Topical term or geographic name entry element MCE
9 (RLIN) 379
650 #0 - SUBJECT ADDED ENTRY--TOPICAL TERM
Topical term or geographic name entry element Patternmaking.
9 (RLIN) 45009
942 ## - ADDED ENTRY ELEMENTS (KOHA)
Source of classification or shelving scheme
Koha item type Book
Holdings
Withdrawn status Lost status Source of classification or shelving scheme Damaged status Not for loan Permanent Location Current Location Date acquired Total Checkouts Full call number Barcode Date last seen Price effective from Koha item type
          Military College of Engineering (MCE) Military College of Engineering (MCE) 09/03/2014   671.23 HOR MCE-30400 09/03/2014 09/03/2014 Book
© 2023 Central Library, National University of Sciences and Technology. All Rights Reserved.